Por Francia y por Alemania (Record no. 170579)

MARC details
000 -LEADER
campo de control de longitud fija 00978nam a2200253 i 4500
001 - NÚMERO DE CONTROL
campo de control 170579
003 - IDENTIFICADOR DE NÚMERO DE CONTROL
campo de control ES-MaACL
005 - FECHA Y HORA DE LA ÚLTIMA TRANSACCIÓN
campo de control 20250303062550.0
008 - DATOS DE LONGITUD FIJA--INFORMACIÓN GENERAL
campo de control de longitud fija 090320q1890 sp |||| | spa d
080 ## - NÚMERO DE LA CLASIFICACIÓN DECIMAL UNIVERSAL
Número de la Clasificación Decimal Universal 061.41 Paris "1889"
100 1# - ENTRADA PRINCIPAL--NOMBRE DE PERSONA
Nombre de persona Pardo Bazán, Emilia,
Títulos y otros términos asociados al nombre Condesa de,
Fechas asociadas al nombre 1851-1921
9 (RLIN) 176434
245 10 - MENCIÓN DEL TÍTULO
Título Por Francia y por Alemania
Resto del título : (crónicas de la Exposición) /
Mención de responsabilidad, etc. E. Pardo Bazán.
260 ## - PUBLICACIÓN, DISTRIBUCIÓN, ETC.
Lugar de publicación, distribución, etc. Madrid :
Nombre del editor, distribuidor, etc. La España,
Fecha de publicación, distribución, etc. [ca. 1890] (
Fabricante Imp. de J. Cruzado)
300 ## - DESCRIPCIÓN FÍSICA
Extensión 262 p. ;
Dimensiones 19 cm.
530 ## - NOTA DISPONIBLE DE FORMULARIO FÍSICO ADICIONAL
Nota de formato físico adicional disponible Disponible en formato digital.
611 24 - PUNTO DE ACCESO ADICIONAL DE MATERIA--NOMBRE DE REUNIÓN/CONGRESO
Nombre de congreso/reunión o jurisdicción como elemento de entrada Exposición Universal.
Fecha del congreso o de la firma del tratado 1889.
Sede del congreso/Lugar de la reunión París)
9 (RLIN) 135154
651 #4 - PUNTO DE ACCESO ADICIONAL DE MATERIA--NOMBRE GEOGRÁFICO
Nombre geográfico París-
Subdivisión general Descripción.
9 (RLIN) 9207
651 #4 - PUNTO DE ACCESO ADICIONAL DE MATERIA--NOMBRE GEOGRÁFICO
Nombre geográfico Alemania-
Subdivisión general Descripción.
9 (RLIN) 7657
852 ## - LOCALIZACIÓN
Ubicación ES-MaACL
Número de control de estantería B-5787
852 ## - LOCALIZACIÓN
Ubicación ES-MaACL
Número de control de estantería L-32313
Nota libre . - Donat. herederos de la bibl. de Mª del Pilar Costa Palacín
856 ## - LOCALIZACIÓN Y ACCESO ELECTRÓNICOS
Identificador Uniforme de Recursos <a href="http://bdh-rd.bne.es/viewer.vm?id=0000037994&page=1 ">http://bdh-rd.bne.es/viewer.vm?id=0000037994&page=1 </a>
Nota pública Biblioteca Digital Hispánica
942 ## - ELEMENTOS DE ENTRADA SECUNDARIOS (KOHA)
Fuente del sistema de clasificación o colocación Clasificación decimal universal
Holdings
Estatus retirado Estado de pérdida Estado de daño No para préstamo Colección Biblioteca de origen Biblioteca actual Ubicación en estantería Fecha de adquisición Fuente de adquisición Total de préstamos Signatura topográfica completa Código de barras Visto por última vez Precio de reemplazo Tipo de ítem Koha
        Colección digital Biblioteca del Ateneo de Madrid Biblioteca del Ateneo de Madrid Depósito 2 10/04/2019     L-32313 1200341 23/02/2023 23/02/2023 Libro impreso antiguo
        Colección digital Biblioteca del Ateneo de Madrid Biblioteca del Ateneo de Madrid Sala Pardo Bazán 20/03/2009     B-5787 1179011 23/02/2023 23/02/2023 Libro impreso antiguo